[Event "FRA-chT2 0910"]
[Site "France"]
[Date "2009.12.12"]
[Round "5.7"]
[White "Brieussel, Benoit"]
[Black "Regniez, Jeremy"]
[Result "1-0"]
[WhiteElo "1900"]
[BlackElo "1817"]
[PlyCount "51"]
[EventDate "2009.09.27"]
[EventType "team-tourn"]
[EventRounds "11"]
[EventCountry "FRA"]
[SourceTitle "EXT 2011"]
[Source "ChessBase"]
[SourceDate "2010.11.26"]
[SourceVersion "1"]
[SourceVersionDate "2010.11.26"]
[SourceQuality "1"]

1. e4 e6 2. d4 a6 3. c4 b6 4. Nf3 Bb7 5. Bd3 c5 6. 0-0 Qc7 7. Re1 cxd4 8. Nxd4 Bd6 9. Qh5 Nf6 10. Qh3 h6 11. Nd2 Nc6 12. Nxc6 Bxc6 13. Nf3 Be5 14. Nxe5 Qxe5 15. f4 Qd4+ 16. Qe3 Qxe3+ 17. Rxe3 b5 18. c5 a5 19. Bd2 0-0 20. Rf1 Rfc8 21. e5 Nd5 22. Rg3 b4 23. f5 Kf8 24. f6 g6 25. Bxh6+ Kg8 26. Rh3 1-0

[Event "Ile et Vilaine-ch"]
[Site "Ile et Vilaine"]
[Date "2003.03.22"]
[Round "7"]
[White "Huard, Herve"]
[Black "Brieussel, Benoit"]
[Result "1-0"]
[WhiteElo "1750"]
[BlackElo "1880"]
[PlyCount "101"]
[EventDate "2002.10.19"]
[EventType "swiss"]
[EventRounds "7"]
[EventCountry "FRA"]
[SourceTitle "EXT 2008"]
[Source "ChessBase"]
[SourceDate "2007.11.25"]
[SourceVersion "1"]
[SourceVersionDate "2007.11.25"]
[SourceQuality "1"]

1. e4 e6 2. d4 d5 3. e5 c5 4. c3 Qb6 5. Nf3 Nc6 6. Be2 Bd7 7. 0-0 cxd4 8. cxd4 Rc8 9. Nc3 Nge7 10. Na4 Qc7 11. a3 Na5 12. Nc5 Nf5 13. b4 Nc6 14. g4 Nh6 15. h3 a5 16. Nxd7 Qxd7 17. b5 Nb8 18. Bd2 b6 19. Qb3 Be7 20. Rfc1 0-0 21. Bxh6 gxh6 22. Qe3 Kg7 23. h4 Rg8 24. Kh1 Rxc1+ 25. Rxc1 Qd8 26. Rg1 Qf8 27. a4 Kh8 28. h5 Qg7 29. Qc1 f6 30. Qc7 Qf8 31. exf6 Qd8 32. Qxe7 Qxe7 33. fxe7 Re8 34. Rc1 Kg7 35. Ne5 Rxe7 36. Rc8 Rb7 37. Bd3 Nd7 38. Nxd7 Rxd7 39. Kg2 Kf6 40. f4 Kg7 41. Kf3 Kf6 42. Rc3 Rb7 43. Bf5 Kg7 44. Bxe6 Kf8 45. Bxd5 Rd7 46. Ke4 Re7+ 47. Be6 Rb7 48. f5 Ke7 49. Ke5 Kf8 50. f6 Ke8 51. Rc8# 1-0